00811nam a2200205 a 450000100100000000500170001000800410002704000250006808200100009311000740010324500810017725000110025826000390026930000340030849000280034250000430037053401310041370000330054483000280057700002471820200930023328.0110202s1967 sp d r 000 0 spa d aDO-SdBNPbspacBNPHU axxxxx1 aUnión Europénne des Experts Comptables, Economiques et Financiers10aManual europeo de revisión contable /ctraducción Francisco Queréndez. a2a ed. aBilbao, España :bDeusto,c1967. a213 p. :bdiagrs. ;c24.5 cm.1 aClásicos de Gestión aIncluye notas al pie de las páginas. pTítulo original :tManuel de revisión comptable de la Union Européenne des Experts Comptables Economiques et Financiers.1 aQueréndez, Francisco,etr. 0aClásicos de Gestión